00751nam a2200193 i 450000100060000000300090000600500170001500700030003200800410003508000230007610000420009924501500014126000510029130000300034270000270037285200210039999900170042095201200043783508ES-MaACL20240524062954.0t|041117s1910 sp ||||1| spa d a821.111(73)-34"18"0 aIrving, Washington,d1783-185996550610aCuentos de la Alhambra / cpor Washington Irving ; versión española con una noticia biográfica sobre el autor y sus obras por Pedro Umbert. aBarcelona : b[s.n., c1910] (fHenrich y Cª) a110 p. : bil. ; c25 cm.1 aUmbert, Pedro.9111970 aES-MaACLjF-8222 c83508d83508 00104070aATENEOMbATENEOMcSPP2d2008-01-17eSCl0oF-8222p1087282r2023-02-23 00:00:00w2023-02-23yMONOGRAFIA